| 000 | 00729nam a2200217Ia 4500 | ||
|---|---|---|---|
| 001 | 7084 | ||
| 003 | GE_BSU | ||
| 008 | 181216s||||||||xx |||||||||||||| ||und|| | ||
| 040 | _cGE_BSU | ||
| 080 | _a662.75.004(075) | ||
| 100 | _aБобров,Н.Н. Воропай,П.И. | ||
| 245 | _aПрименение топлив и смазочных материалов. | ||
| 245 | _cПод общ. ред. Н.Н.Боброва. | ||
| 250 | _aВторое переработанное и дополненное издание. | ||
| 260 | _aМ. | ||
| 260 | _bНедра. | ||
| 260 | _c1968. | ||
| 300 | _a488стр.22см. | ||
| 653 | _aПрименение топлив и смазочных материалов. | ||
| 942 | _cBK | ||
| 999 |
_c40473 _d40473 |
||